L'Enquête et ses méthodes : (Record no. 10157)

MARC details
000 -LEADER
fixed length control field 00735 a2200253 4500
003 - CONTROL NUMBER IDENTIFIER
control field 0
005 - DATE AND TIME OF LATEST TRANSACTION
control field 20160609140902.0
008 - FIXED-LENGTH DATA ELEMENTS--GENERAL INFORMATION
fixed length control field 111121t xxu||||| |||| 00| 0 eng d
020 ## - NUMERO INTERNATIONAL NORMALISE DES LIVRES
International Standard Book Number 2-09-190-567-4
040 ## - SOURCE DU CATALOGAGE
Original cataloging agency BUAC
Language of cataloging Fre
Transcribing agency B/EPAC
041 ## - CODE DE LANGUE
Language code of text/sound track or separate title Fre
100 ## - VEDETTE PRINCIPALE - NOM DE PERSONNE
Personal name de Singly, Françoise
9 (RLIN) 20231
130 ## - VEDETTE PRINCIPALE - TITRE UNIFORME
Language of a work Fr.
9 (RLIN) 20233
245 ## - TITLE STATEMENT
Title L'Enquête et ses méthodes :
Remainder of title le questionnaire
Statement of responsibility, etc /Françoise de singly
260 ## - PUBLICATION, DISTRIBUTION, ETC. (IMPRINT)
Place of publication, distribution, etc Paris
Name of publisher, distributor, etc Ed. Nathan Université,
Date of publication, distribution, etc 1992
300 ## - PHYSICAL DESCRIPTION
Extent 126 p.
Dimensions 18 cm.
440 ## - SERIES STATEMENT/ADDED ENTRY--TITLE
Title (Sociologie
Number of part/section of a work 128)
9 (RLIN) 20235
504 ## - BIBLIOGRAPHY, ETC. NOTE
Bibliography, etc Comprend Bibliogr. p. 124 - 126
630 ## - SUBJECT ADDED ENTRY--UNIFORM TITLE
Uniform title SCIENCES SOCIALES
9 (RLIN) 20236
650 ## - SUBJECT ADDED ENTRY--TOPICAL TERM
Topical term or geographic name as entry element Recherche : sociologie
9 (RLIN) 20238
942 ## - ADDED ENTRY ELEMENTS (KOHA)
Koha item type Livre
Holdings
Withdrawn status Lost status Damaged status Not for loan Location (home branch) Sublocation or collection (holding branch) Date acquired Koha issues (times borrowed) Koha full call number Koha date last seen Price effective from Koha item type Source of acquisition Copy number
        Bibliothèque Ecole Polytechnique d'Abomey-Calavi Bibliothèque Ecole Polytechnique d'Abomey-Calavi 27/02/2009   300.72/S617e 27/02/2009 27/02/2009 Livre    
        Bibliothèque Universitaire Centrale Bibliothèque Universitaire Centrale     303.01 SIN 21/11/2011 21/11/2011 Livre Achat 1


© 2008, Bibliothèques de l'Université d'Abomey-Calavi

04 BP 789 Cotonou, Tél. : +229 21 36 01 01, Fax : +229 21 35 06 32

Courriel : bu@bu.uac.bj